[Event "Villa Tehuelches op 5th"]
[Site "Villa Tehuelches"]
[Date "2019.07.13"]
[Round "6"]
[White "Bustamante Vera, Nicolas Antonio"]
[Black "Abarca Gonzalez, Nicolas"]
[Result "0-1"]
[WhiteElo "1950"]
[BlackElo "2409"]
[PlyCount "69"]
[EventDate "2019.07.11"]
[EventType "swiss"]
[EventRounds "7"]
[EventCountry "CHI"]
[SourceTitle "CBM 191 Extra"]
[Source "ChessBase"]
[SourceDate "2019.09.30"]
[SourceVersion "1"]
[SourceVersionDate "2019.09.30"]
[SourceQuality "1"]

1. e4 c5 2. Nf3 g6 3. d4 Bg7 4. Nc3 cxd4 5. Nxd4 Nc6 6. Be3 d6 7. Bc4 Nf6 8. f3 0-0 9. Qd2 Ne5 10. Bb3 Bd7 11. 0-0-0 Qa5 12. Kb1 Rfc8 13. h4 h5 14. Bg5 Nc4 15. Bxc4 Rxc4 16. Bxf6 exf6 17. Nb3 Qe5 18. Qxd6 Qxd6 19. Rxd6 Be6 20. Rhd1 f5 21. Nd2 Rb4 22. a3 Rd4 23. Rxd4 Bxd4 24. exf5 gxf5 25. Ne2 Bf2 26. Nf4 Rd8 27. Nd3 Bxh4 28. Rh1 Bg5 29. f4 Bxf4 30. Nf3 Bb8 31. Rxh5 Kg7 32. Rh4 Kf6 33. b3 Bxb3 34. Rb4 Bd5 35. Rd4 0-1

[Event "Villa Tehuelches op 5th"]
[Site "Villa Tehuelches"]
[Date "2019.07.12"]
[Round "3"]
[White "Ruiz Barrientos, Gabriel Alberto"]
[Black "Bustamante Vera, Nicolas Antonio"]
[Result "0-1"]
[WhiteElo "1440"]
[BlackElo "1950"]
[PlyCount "70"]
[EventDate "2019.07.11"]
[EventType "swiss"]
[EventRounds "7"]
[EventCountry "CHI"]
[SourceTitle "EXT 2021"]
[Source "ChessBase"]
[SourceDate "2020.10.23"]
[SourceVersion "1"]
[SourceVersionDate "2020.10.23"]
[SourceQuality "1"]

1. Nf3 d5 2. c4 c6 3. cxd5 cxd5 4. d4 Nc6 5. Bf4 Nf6 6. e3 Bf5 7. Be2 e6 8. 0-0 Bd6 9. Bxd6 Qxd6 10. Nc3 a6 11. Rc1 0-0 12. Re1 b5 13. a3 Na5 14. Bf1 Nc4 15. Qe2 h6 16. h3 Rab8 17. g4 Be4 18. Nxe4 Nxe4 19. Rc2 b4 20. axb4 Rxb4 21. h4 Rfb8 22. Qd1 Nxb2 23. Qc1 a5 24. Ne5 R4b6 25. Rc8+ Kh7 26. Nxf7 Qe7 27. Rc7 Qxh4 28. Qc2 Nc4 29. Re2 Rb2 30. Qd3 Qxg4+ 31. Kh2 Ncd2 32. Rxd2 Rxd2 33. Qa6 Rxf2+ 34. Kh1 Qf3+ 35. Kg1 Qg3+ 0-1

[Event "Punta Arenas 3rd"]
[Site "Punta Arenas"]
[Date "2018.02.07"]
[Round "4"]
[White "Bustamante Vera, Nicolas Antonio"]
[Black "Hurtado Bahamonde, Rodrigo And"]
[Result "1/2-1/2"]
[WhiteElo "1950"]
[BlackElo "2152"]
[PlyCount "80"]
[EventDate "2018.02.05"]
[EventType "tourn"]
[EventRounds "9"]
[EventCountry "CHI"]
[SourceTitle "CBM 182 Extra"]
[Source "ChessBase"]
[SourceDate "2018.02.23"]
[SourceVersion "1"]
[SourceVersionDate "2018.02.23"]
[SourceQuality "1"]

1. e4 c5 2. Nf3 Nc6 3. d4 cxd4 4. Nxd4 Nf6 5. Nc3 e5 6. Ndb5 d6 7. Bg5 a6 8. Na3 b5 9. Bxf6 gxf6 10. Nd5 Bg7 11. Bd3 Ne7 12. Nxe7 Qxe7 13. c3 f5 14. Nc2 Bb7 15. Qf3 fxe4 16. Bxe4 Bxe4 17. Qxe4 0-0 18. Ne3 Qe6 19. g4 Rac8 20. 0-0 Rfd8 21. Rfd1 Rc5 22. Rd5 Rxd5 23. Nxd5 Rc8 24. b3 Bf8 25. a4 Qg6 26. Qxg6+ hxg6 27. axb5 axb5 28. Ra5 Rc5 29. Nf6+ Kg7 30. Ne4 Rc7 31. Rxb5 f5 32. gxf5 gxf5 33. Ng3 Rxc3 34. Nxf5+ Kf6 35. Ng3 Ke6 36. Ne4 Rc1+ 37. Kg2 Be7 38. b4 d5 39. Rb6+ Kd7 40. Rb7+ Ke6 1/2-1/2